| 000 | 00895nam a2200289 a 4500 | ||
|---|---|---|---|
| 001 | BRL_22 | ||
| 005 | 20190320210544.0 | ||
| 008 | 790604s1950 mx-a######---#000-0#spa-# | ||
| 040 |
_aDLC _cMChB _dMChB |
||
| 041 | _aspa | ||
| 044 | _amx | ||
| 050 | 4 |
_aN6553 _b.E53 6 1950 |
|
| 100 | 1 |
_aCarrillo y Gariel, Abelardo _91363 |
|
| 245 | 1 | 0 |
_aLas galerías de San Carlos _cAbelardo Carrillo y Gariel. |
| 260 |
_aMéxico _bEdiciones Mexicanas _c1950 |
||
| 300 |
_a53 p. _bil. _c24 cm. |
||
| 440 | 0 |
_aEnciclopedia mexicana de arte _v6 _922675 |
|
| 500 | _aIncluye ilustraciones al final, [48] p. | ||
| 500 | _aAu75 | ||
| 610 | 2 | 4 |
_aMuseo Nacional de San Carlos (Ciudad de México) _xColecciones de arte _95825 |
| 650 | 1 | 4 |
_aArte _zMéxico _922676 |
| 650 | 1 | 4 |
_aPintura _zMéxico _911995 |
| 650 | 1 | 4 |
_aPintores mexicanos _94220 |
| 650 | 1 | 4 |
_aPintores europeos _93990 |
| 902 | _aGRL | ||
| 942 |
_2lcc _cB |
||
| 999 |
_c8835 _d8835 |
||